Reducing Errors in the Systems through FMEA

Režim zlyhania a analýza účinkov (Failure Mode and Effects Analysis - FMEA) ako metodika, ktorej cieľom je umožniť organizáciám predvídať zlyhanie počas fázy návrhu identifikáciou všetkých možných porúch v procese navrhovania alebo výroby. Metodológia a rozdelenie FMEA.

Gespeichert in:
Bibliographische Detailangaben
1. Verfasser: Malega, Peter
Format: Buchkapitel
Sprache:Englisch
Schlagworte:
Tags: Tag hinzufügen
Keine Tags, Fügen Sie das erste Tag hinzu!

MARC

LEADER 00000naa a2200000 4500
001 0262114
005 20200203150435.8
041 0 |a eng 
044 |a RO 
245 1 0 |a Reducing Errors in the Systems through FMEA  |c Peter Malega 
520 |a Režim zlyhania a analýza účinkov (Failure Mode and Effects Analysis - FMEA) ako metodika, ktorej cieľom je umožniť organizáciám predvídať zlyhanie počas fázy návrhu identifikáciou všetkých možných porúch v procese navrhovania alebo výroby. Metodológia a rozdelenie FMEA. 
610 2 0 |a zlyhanie trhu 
610 2 0 |a produkty 
610 2 0 |a trh 
610 2 0 |a procesy podnikové 
610 2 0 |a postupy pracovné 
100 1 |a Malega, Peter